| LEADER 00000nas 2200000uu 4500 |
| 001 214099 |
| 003 ULIBM |
| 008 240703s||||||||th 000 0 tha d |
| 022 ^a0858-3080
|
| 090 ^aSERIALS [2563]
|
| 245 00 ^aวารสารเกื้อการุณย์=^bKuakarun journal of nursing/^cคณะพยาบาลศาสตร์เกื้อการุณย์ มหาวิทยาลัยนวมินทราธิราช
|
| 260 ^aกรุงเทพฯ :^bคณะพยาบาลศาสตร์เกื้อการุณย์ มหาวิทยาลัยนวมินทราธิราช,^c2563
|
| 310 ^aราย 6 เดือน |
| 500 ^aวารสารเย็บเล่ม ;^v[ลำดับที่ 249]
|
| 650 4 ^aมหาวิทยาลัยนวมินทราธิราช.^bคณะพยาบาลศาสตร์เกื้อการุณย์^vวารสาร
|
| 650 4 ^aการพยาบาล^vวารสาร
|
| 850 ^a ULIBM^bปีที่ 27 ฉบับที่ 1 มกราคม - มิถุนายน 2563; ปีที่ 27 ฉบับที่ 2 กรกฎาคม - ธันวาคม 2563
|
| 999 ^aใช้งานได้ทุกระบบ
|